Statistics for Sweden World Cup Squad 1994

Click here to take the quiz!

General Stats

  • This quiz has been taken 13 times
  • The average score is 10 of 22

Answer Stats

PositionNumberPlayer% Correct
GK1Thomas Ravelli
100%
FW19Kennet Andersson
92%
DF3Patrik Andersson
92%
FW11Tomas Brolin
92%
FW10Martin Dahlin
83%
MF9Jonas Thern
58%
MF6Stefan Schwarz
58%
Manager-Tommy Svensson
58%
MF8Klas Ingesson
50%
DF5Roger Ljung
50%
MF18Håkan Mild
42%
DF13Mikael Nilsson
42%
DF2Roland Nilsson
42%
MF16Anders Limpar
33%
FW21Jesper Blomqvist
25%
DF4Joachim Björklund
25%
GK22Magnus Hedman
25%
GK12Lars Eriksson
17%
DF14Pontus Kåmark
17%
MF17Stefan Rehn
17%
DF15Teddy Lucic
17%
FW20Magnus Erlingmark
0%

Score Distribution

Percentile by Number Answered

Percent of People with Each Score

Your Score History

You have not taken this quiz